000 01505nam a2200373Ia 4500
001 ebr10135631
003 CaPaEBR
006 m u
007 cr cn|||||||||
008 030605s2003 nyu sb 001 0 eng d
010 _z 2003054897
020 _z1403980659
020 _z1403961883 (hardback)
040 _aCaPaEBR
_cCaPaEBR
035 _a(OCoLC)647536884
050 1 4 _aJV105
_b.H33 2003eb
082 0 4 _a325/.3/094
_221
100 1 _aHart, Jonathan Locke,
_d1956-
245 1 0 _aComparing empires
_h[electronic resource] :
_bEuropean colonialism from Portuguese expansion to the Spanish-American War /
_cJonathan Hart.
250 _a1st ed.
260 _aNew York :
_bPalgrave Macmillan,
_c2003.
300 _axiv, 192 p.
504 _aIncludes bibliographical references (p. [151]-184) and index.
533 _aElectronic reproduction.
_bPalo Alto, Calif. :
_cebrary,
_d2009.
_nAvailable via World Wide Web.
_nAccess may be limited to ebrary affiliated libraries.
650 0 _aImperialism
_xHistoriography.
650 0 _aTravelers' writings, European.
651 0 _aEurope
_xColonies
_xHistory.
651 0 _aEurope
_xColonies
_xHistoriography.
651 0 _aEurope
_xForeign public opinion
_xHistory
_vSources.
651 0 _aEurope
_xTerritorial expansion
_xHistoriography.
655 7 _aElectronic books.
_2local
710 2 _aebrary, Inc.
856 4 0 _uhttp://site.ebrary.com/lib/rucke/Doc?id=10135631
_zAn electronic book accessible through the World Wide Web; click to view
999 _c87548
_d87548